[Event "OHRA Ladies-Gentlemen"]
[Site "Brussels BEL"]
[Date "1987.12.??"]
[Round "1"]
[White "Polgar, Zsuzsa"]
[Black "Winants, Luc"]
[Result "1/2-1/2"]
[WhiteElo "2485"]
[BlackElo "2440"]
[EventDate "1987.12.19"]
[PlyCount "115"]

1.d4 Nf6 2.c4 e6 3.Nf3 c5 4.d5 exd5 5.cxd5 d6 6.Nc3 g6 7.e4 Bg7 8.Bf4 O-O 
9.Nd2 Qe7 10.Be2 Nbd7 11.O-O Ne5 12.Re1 a6 13.a4 Nfd7 14.Bg3 g5 15.Nf1 Re8
16.Ne3 Nf8 17.a5 Nfg6 18.Na4 Rb8 19.Nb6 Qf6 20.Ra3 Nf4 21.Rb3 Bd7 22.Nxd7 
Nxd7 23.Qc2 b5 24.axb6 Rxb6 25.Rxb6 Nxb6 26.Nf5 Bh8 27.Bxf4 gxf4 28.Ra1 
Nc8 29.Rxa6 f3 30.gxf3 Qg5+ 31.Kh1 Be5 32.Ra1 Kh8 33.Qc1 Qxc1+ 34.Rxc1 
Bxb2 35.Rb1 Be5 36.Rb8 Rg8 37.Nh6 Rf8 38.Ba6 Bg7 39.Ng4 Ne7 40.Rb6 h5 41.
Ne3 Be5 42.Nc4 Bd4 43.Rb7 Ng6 44.Nxd6 Ra8 45.Nxf7+ Kg8 46.Nh6+ Kh8 47.Nf7+
Kg8 48.Nh6+ Kh8 49.Nf7+ Kg8 50.Nh6+ Kh8 51.Bf1 Ra1 52.Nf7+ Kg8 53.Nh6+ Kh8
54.Kg2 h4 55.Nf7+ Kg8 56.Nh6+ Kh8 57.Nf7+ Kg8 58.Nh6+ 1/2-1/2

[Event "OHRA Ladies-Gentlemen"]
[Site "Brussels BEL"]
[Date "1987.12.??"]
[Round "3"]
[White "Winants, Luc"]
[Black "Cramling, Pia"]
[Result "1/2-1/2"]
[WhiteElo "2440"]
[BlackElo "2445"]
[EventDate "1987.12.19"]
[PlyCount "50"]

1.Nf3 c5 2.c4 Nc6 3.Nc3 e5 4.e3 Nf6 5.d4 e4 6.Ng5 cxd4 7.exd4 Bb4 8.d5 Ne5
9.Be2 O-O 10.O-O Bxc3 11.bxc3 d6 12.Qd4 Bf5 13.f3 exf3 14.Nxf3 Nxf3+ 15.
Bxf3 Qb6 16.Be3 Rfe8 17.Qxb6 axb6 18.Bxb6 Bd3 19.Rfd1 Bxc4 20.a4 Bb3 21.
Rd4 Rec8 22.Rb4 Bxd5 23.Bd4 Bxf3 24.gxf3 Rc7 25.Bxf6 1/2-1/2

[Event "OHRA Ladies-Gentlemen"]
[Site "Brussels BEL"]
[Date "1987.12.??"]
[Round "4"]
[White "Cramling, Pia"]
[Black "Lobron, Eric"]
[Result "0-1"]
[WhiteElo "2445"]
[BlackElo "2530"]
[EventDate "1987.12.19"]
[PlyCount "78"]

1.d4 Nf6 2.c4 e6 3.Nf3 Bb4+ 4.Nbd2 b6 5.a3 Bxd2+ 6.Bxd2 Bb7 7.Bg5 d6 8.e3 
Nbd7 9.Qc2 a5 10.Rd1 h6 11.Bh4 a4 12.Nd2 Qe7 13.f3 e5 14.Be2 g5 15.Bf2 e4 
16.O-O O-O 17.Bg3 Nh5 18.f4 Ng7 19.Nb1 Nf5 20.Qd2 Kh7 21.Nc3 Rg8 22.Bg4 
Nxg3 23.hxg3 Nf6 24.Bf5+ Kh8 25.d5 gxf4 26.Rxf4 Rxg3 27.Rdf1 Rag8 28.R1f2 
Qe5 29.Ne2 R3g5 30.Nd4 R8g7 31.Qc2 Rg3 32.Qe2 R3g5 33.Bh3 Rh5 34.Rf5 Rxf5 
35.Rxf5 Qg3 36.Rxf6 Qxh3 37.Nf5 Qg4 38.Rxh6+ Kg8 39.Qf1 Qg5 0-1

[Event "OHRA Ladies-Gentlemen"]
[Site "Brussels BEL"]
[Date "1987.12.??"]
[Round "4"]
[White "Dlugy, Maxim"]
[Black "Polgar, Zsuzsa"]
[Result "1/2-1/2"]
[WhiteElo "2545"]
[BlackElo "2485"]
[EventDate "1987.12.19"]
[PlyCount "38"]

1.d4 Nf6 2.c4 e6 3.Nf3 d5 4.Nc3 dxc4 5.e4 Bb4 6.Bg5 c5 7.d5 h6 8.Bxf6 Qxf6
9.Qd2 exd5 10.exd5 O-O 11.Bxc4 Bg4 12.Be2 Bxf3 13.Bxf3 Re8+ 14.Be2 Qe7 15.
Rc1 Nd7 16.Rc2 Rad8 17.O-O Nf6 18.Bf3 Rd6 19.Qd3 Bxc3 1/2-1/2

[Event "OHRA Ladies-Gentlemen"]
[Site "Brussels BEL"]
[Date "1987.12.??"]
[Round "5"]
[White "Cramling, Pia"]
[Black "Watson, William"]
[Result "0-1"]
[WhiteElo "2445"]
[BlackElo "2530"]
[EventDate "1987.12.19"]
[PlyCount "76"]

1.d4 Nf6 2.c4 g6 3.Nc3 Bg7 4.e4 O-O 5.Nf3 c6 6.e5 Ne8 7.h3 d6 8.Bf4 Nd7 9.
exd6 Nxd6 10.Be2 Nf5 11.Qd2 Nb6 12.Rd1 Nd7 13.O-O Nf6 14.Ne5 Be6 15.Rfe1 
Qa5 16.g4 Nd6 17.d5 cxd5 18.Nxd5 Qxd2 19.Nxe7+ Kh8 20.Rxd2 Nfe4 21.Rdd1 
Rae8 22.Nd5 f5 23.g5 Nxg5 24.Bxg5 Bxe5 25.Bf3 Nf7 26.Bd2 Bxb2 27.Nc7 Ne5 
28.Bg2 Bf7 29.Nxe8 Rxe8 30.Rb1 Bd4 31.Rxb7 Kg8 32.c5 Rc8 33.Rd1 Bxc5 34.
Bf4 Nc4 35.Rc1 Bb6 36.Rd1 Be6 37.Re7 Bf7 38.Rdd7 Be8 0-1

[Event "OHRA Ladies-Gentlemen"]
[Site "Brussels BEL"]
[Date "1987.12.??"]
[Round "5"]
[White "Lobron, Eric"]
[Black "Gaprindashvili, Nona"]
[Result "1/2-1/2"]
[WhiteElo "2530"]
[BlackElo "2495"]
[EventDate "1987.12.19"]
[PlyCount "152"]

1.Nf3 d5 2.g3 Nf6 3.Bg2 e6 4.O-O Be7 5.d3 O-O 6.Nbd2 b6 7.e4 dxe4 8.dxe4 
Bb7 9.Qe2 Ba6 10.c4 Nc6 11.e5 Nd7 12.Nb3 Nc5 13.Rd1 Qe8 14.Nxc5 bxc5 15.
Qe4 h6 16.Be3 Bb7 17.Qc2 Rd8 18.Qa4 Rxd1+ 19.Rxd1 Qa8 20.Bf1 Rd8 21.Be2 a6
22.a3 Bf8 23.Rxd8 Qxd8 24.Qd1 Qxd1+ 25.Bxd1 g5 26.h3 Bg7 27.Bxc5 Nxe5 28.
Nxe5 Bxe5 29.b4 f5 30.Be2 Kf7 31.Bh5+ Kf6 32.Kf1 Bc6 33.Bd1 Bb2 34.a4 e5 
35.b5 Bb7 36.Bf8 Kg6 37.g4 fxg4 38.hxg4 e4 39.Bc5 Bc3 40.Ba7 c6 41.bxa6 
Bxa6 42.Be2 Bb4 43.Bb6 c5 44.Bc7 Kf7 45.Bd6 Ke6 46.Bf8 Kf7 47.Bxh6 Bd2 48.
Kg2 Bf4 49.f3 e3 50.Bd3 Kg8 51.Kf1 Kf7 52.Ke1 Ke8 53.Ke2 Kf7 54.Kd1 Kg8 
55.Ke1 Kf7 56.Kd1 Kg8 57.Kc2 Kf7 58.Be2 Kg8 59.Kd3 Kf7 60.a5 Bb7 61.Bd1 
Kg8 62.Be2 Kf7 63.Kc2 Ba6 64.Kc3 Kg8 65.Kd3 Kf7 66.Bd1 Kg8 67.Kc3 Kf7 68.
Kb3 Kg8 69.Be2 Kf7 70.Kb2 Kg8 71.Kc2 Kf7 72.Kd3 Bb7 73.a6 Bxa6 74.Kc2 Bb7 
75.Kb3 Bc6 76.Bd1 Kg8 1/2-1/2

[Event "OHRA Ladies-Gentlemen"]
[Site "Brussels BEL"]
[Date "1987.12.??"]
[Round "6"]
[White "Dlugy, Maxim"]
[Black "Cramling, Pia"]
[Result "1-0"]
[WhiteElo "2545"]
[BlackElo "2445"]
[EventDate "1987.12.19"]
[PlyCount "90"]

1.d4 Nf6 2.c4 c5 3.d5 b5 4.cxb5 a6 5.f3 g6 6.e4 d6 7.a4 Bg7 8.Na3 O-O 9.
Ne2 Ne8 10.Nc3 Nd7 11.Be2 Nc7 12.O-O axb5 13.Naxb5 Nxb5 14.Nxb5 Qb6 15.Qc2
c4+ 16.Kh1 Ba6 17.Qxc4 Rfc8 18.Qb3 Qc5 19.Rb1 Ne5 20.Bg5 h6 21.Rbc1 hxg5 
22.Rxc5 Rxc5 23.Qd1 Nc4 24.b4 Rcc8 25.Qc1 Nb2 26.Qxg5 Bf6 27.Qe3 Nxa4 28.
f4 Nc3 29.Nxc3 Rxc3 30.Qd2 Bxe2 31.Qxe2 Rb3 32.e5 Bg7 33.h4 Rxb4 34.h5 
dxe5 35.hxg6 Rxf4 36.Rxf4 exf4 37.Qxe7 fxg6 38.d6 Bf8 39.Qe6+ Kg7 40.d7 f3
41.gxf3 Ra1+ 42.Kg2 Rd1 43.Qe5+ Kh7 44.Qe8 Rd2+ 45.Kf1 1-0

[Event "OHRA Ladies-Gentlemen"]
[Site "Brussels BEL"]
[Date "1987.12.??"]
[Round "7"]
[White "Cramling, Pia"]
[Black "Winants, Luc"]
[Result "1/2-1/2"]
[WhiteElo "2445"]
[BlackElo "2440"]
[EventDate "1987.12.19"]
[PlyCount "58"]

1.d4 Nf6 2.c4 e6 3.Nf3 c5 4.d5 exd5 5.cxd5 d6 6.e4 g6 7.h3 Bg7 8.Bd3 O-O 
9.O-O b5 10.Re1 c4 11.Bf1 Re8 12.a4 b4 13.Bxc4 Nxe4 14.a5 Ba6 15.Qc2 Nc5 
16.Rxe8+ Qxe8 17.Nbd2 Nbd7 18.Bxa6 Nxa6 19.Nc4 Rc8 20.Be3 Nf6 21.Qb3 Qd7 
22.Rd1 Qc7 23.Rc1 Nc5 24.Qd1 Qd7 25.Bf4 Nce4 26.Qe1 Re8 27.Qd1 Rc8 28.Qe1 
Re8 29.Qd1 1/2-1/2

[Event "OHRA Ladies-Gentlemen"]
[Site "Brussels BEL"]
[Date "1987.12.??"]
[Round "8"]
[White "Lobron, Eric"]
[Black "Cramling, Pia"]
[Result "0-1"]
[WhiteElo "2530"]
[BlackElo "2445"]
[EventDate "1987.12.19"]
[PlyCount "94"]

1.c4 e5 2.g3 Nf6 3.Bg2 d5 4.cxd5 Nxd5 5.Nc3 Nb6 6.d3 Be7 7.Nf3 Nc6 8.O-O 
O-O 9.a3 Be6 10.b4 a5 11.b5 Nd4 12.Rb1 f6 13.Nxd4 exd4 14.Na4 Bd5 15.Bh3 
f5 16.Re1 Bd6 17.Nxb6 cxb6 18.e4 dxe3 19.fxe3 Qe7 20.a4 Rad8 21.Rb2 Bc5 
22.Rf2 g6 23.Bd2 Qg7 24.d4 Bd6 25.Bg2 Bxg2 26.Kxg2 h5 27.Qf3 Kh7 28.Bc3 
Rde8 29.Qd5 Rd8 30.Qf3 Rde8 31.Qd5 Rd8 32.Qb3 Qe7 33.Qb1 Rc8 34.Bb2 Qe6 
35.e4 fxe4 36.Rxf8 Bxf8 37.Rxe4 Qf5 38.Qe1 Qd5 39.Kg1 Bg7 40.Re7 Rc2 41.
Re2 Qc4 42.Rxc2 Qxc2 43.Qa1 Bh6 44.h4 Be3+ 45.Kh1 Qf2 46.d5 Qxg3 47.Qf1 
Bf4 0-1

[Event "OHRA Ladies-Gentlemen"]
[Site "Brussels BEL"]
[Date "1987.12.??"]
[Round "8"]
[White "Polgar, Zsuzsa"]
[Black "Dlugy, Maxim"]
[Result "1/2-1/2"]
[WhiteElo "2485"]
[BlackElo "2545"]
[EventDate "1987.12.19"]
[PlyCount "36"]

1.d4 d5 2.c4 dxc4 3.e4 e5 4.Nf3 Bb4+ 5.Bd2 Bxd2+ 6.Qxd2 exd4 7.Qxd4 Nf6 8.
Qxd8+ Kxd8 9.Nc3 Be6 10.Ng5 Nc6 11.Nxe6+ fxe6 12.Bxc4 Ke7 13.Rd1 Rad8 14.
O-O a6 15.a3 g5 16.f3 Nd7 17.Ba2 Nde5 18.b4 h5 1/2-1/2